Sławni ludzie z dwojgiem imion. - Statystyki

Ogólne statystyki
  • Ten quiz został rozwiązany 49 razy
  • Średni wynik to 10 z 20
Statystyki odpowiedzi
Hint Odpowiedź % Poprawnych
Bach, skomponował "Pasję wg św. Mateusza" Jan Sebastian
96%
Roosevelt, prezydent USA w latach 1933-35 Franklin Delano
82%
Baczyński, zginął w Powstaniu Warszawskim Krzysztof Kamil
82%
Mozart, twórca opery "Czarodziejski Flet" Wolfgang Amadeusz
82%
Andersen, autor "Calineczki" Hans Christian
80%
Maradona, mistrz świata z 1986 roku Diego Armando
76%
Montgomery, autorka "Ani z Zielonego Wzgórza" Lucy Maud
62%
Żukowska, lewicowa posłanka Anna Maria
60%
Kennedy, zamordowany w Dallas John Fitzgerald
60%
Poe, autor "Zabójstwa przy Rue Morgue" Edgar Allan
51%
Kern, literat związany z tygodnikiem "Przekrój" Ludwik Jerzy
47%
Granerud, dwukrotny zdobywca PŚ w skokach narciarskich Halvor Egner
38%
Rousseau, teoretyk umowy społecznej Jean Jacques
36%
Niemcewicz, napisał "Powrót posła" Julian Ursyn
33%
Coppola, nakręcił "Ojca Chrzestnego" Francis Ford
31%
Vianney, proboszcz z Ars Jan Maria
24%
Rubens, namalował "Trzy Gracje" Peter Paul
18%
Górecki, skomponował "Symfonię pieśni żałosnych" Henryk Mikołaj
16%
Sartre, literacki noblista Jean Paul
13%
Weber, twórca opery "Wolny strzelec" Carl Maria
7%
Nie znaleziono quizów pasujących do podanych kryteriów
Rozkład punktacji
Procent ludzi z każdym wynikiem
Percentyl według liczby udzielonych odpowiedzi
Twoja historia wyników
Nie rozwiązałeś tego quizu